书目信息 |
| 题名: |
幽默做人 智慧做事
|
|
| 作者: | 金跃军 , 陈艳丽 编著 | |
| 分册: | ||
| 出版信息: | 北京 朝华出版社 2009.01 |
|
| 页数: | 292页 | |
| 开本: | 24cm | |
| 丛书名: | ||
| 单 册: | ||
| 中图分类: | B821-49 | |
| 科图分类: | ||
| 主题词: | 人生哲学--ren sheng zhe xue--通俗读物 | |
| 电子资源: | ||
| ISBN: | 978-7-5054-1869-1 | |
| 000 | 00812nam0 2200241 450 | |
| 001 | 012009533202 | |
| 005 | 20091016093611.76 | |
| 010 | @a978-7-5054-1869-1@dCNY34.80 | |
| 100 | @a20091016d2009 em y0chiy0120 ea | |
| 101 | 0 | @achi |
| 102 | @aCN@b110000 | |
| 105 | @aa z 000yy | |
| 106 | @ar | |
| 200 | 1 | @a幽默做人 智慧做事@Ayou mo zuo ren zhi hui zuo shi@f金跃军, 陈艳丽编著@Fjin yue jun,chen yan li bian zhu |
| 210 | @a北京@c朝华出版社@d2009.01 | |
| 215 | @a292页@c图@d24cm | |
| 330 | @a本书荟萃了大量精彩的中外名人的幽默故事,使读者通过品读其幽默,来感受人生的处世智慧。 | |
| 606 | 0 | @a人生哲学@Aren sheng zhe xue@j通俗读物 |
| 690 | @aB821-49@v4 | |
| 701 | 0 | @a金跃军@Ajin yue jun@4编著 |
| 701 | 0 | @a陈艳丽@Achen yan li@4编著 |
| 801 | 0 | @aCN@bQSSK@c20091016 |
| 905 | @b763371-73@dB821-49@eJ822@f3 | |
| 幽默做人 智慧做事/金跃军, 陈艳丽编著.-北京:朝华出版社,2009.01 |
| 292页:图;24cm |
| ISBN 978-7-5054-1869-1:CNY34.80 |
| 本书荟萃了大量精彩的中外名人的幽默故事,使读者通过品读其幽默,来感受人生的处世智慧。 |
| ● |
| 相关链接 |
|
|
|
正题名:幽默做人 智慧做事
索取号:B821-49/J822
 
预约/预借
| 序号 | 登录号 | 条形码 | 馆藏地/架位号 | 状态 | 备注 |
| 1 | 763371 | 207633710 | 社科库509/509社科库 25排2列5层/ [索取号:B821-49/J822] | 在馆 | |
| 2 | 763372 | 207633729 | 社科库509/404自科库 23排5列2层/ [索取号:B821-49/J822] | 在馆 | |
| 3 | 763373 | 207633738 | 社科库509/509社科库 25排2列5层/ [索取号:B821-49/J822] | 在馆 |